Diane de la Croisée des Chemins / (Record no. 102454)

MARC details
000 -LEADER
campo de control de longitud fija 00521nam a2200169 i 4500
001 - NÚMERO DE CONTROL
campo de control 102454
003 - IDENTIFICADOR DE NÚMERO DE CONTROL
campo de control ES-MaACL
007 - CAMPO FIJO DE DESCRIPCIÓN FÍSICA--INFORMACIÓN GENERAL
campo de control de longitud fija t|
008 - DATOS DE LONGITUD FIJA--INFORMACIÓN GENERAL
campo de control de longitud fija 051110s1931 fr ||||1| fre d
100 1# - ENTRADA PRINCIPAL--NOMBRE DE PERSONA
Nombre de persona Meredith, George.
9 (RLIN) 80476
245 10 - MENCIÓN DEL TÍTULO
Título Diane de la Croisée des Chemins /
Mención de responsabilidad, etc. George Meredith; traduit de l'anglais por Lucien Wolff.
250 ## - MENCION DE EDICION
Mención de edición 4ª ed.
260 ## - PUBLICACIÓN, DISTRIBUCIÓN, ETC.
Lugar de publicación, distribución, etc. Paris :
Nombre del editor, distribuidor, etc. Editions de la Nouvelle Revue Française,
Fecha de publicación, distribución, etc. 1931.
300 ## - DESCRIPCIÓN FÍSICA
Extensión 2 v. ;
Dimensiones 19 cm.
700 1# - ENTRADA AGREGADA--NOMBRE PERSONAL
Nombre de persona Wolff, Lucien.
9 (RLIN) 117258
852 ## - LOCALIZACIÓN
Ubicación ES-MaACL
Número de control de estantería E-3690-1
Holdings
Estatus retirado Estado de pérdida Estado de daño No para préstamo Biblioteca de origen Biblioteca actual Ubicación en estantería Fecha de adquisición Fuente de adquisición Total de préstamos Signatura topográfica completa Código de barras Visto por última vez Precio de reemplazo Tipo de ítem Koha
        Biblioteca del Ateneo de Madrid Biblioteca del Ateneo de Madrid Depósito 2 17/01/2008     E-3690-1 1106950 23/02/2023 23/02/2023 Libro impreso